000 00600nam a2200229Ia 4500
003 OSt
005 20221005113957.0
006 a|||||r|||| 00| 0
007 ta
008 221004b |||||||| |||| 00| 0 eng d
024 _a49532
037 _cTextual
040 _aCRL
_cCRL
_beng
041 _2eng
_aeng
082 _aP15:C4x1:1, E8
100 _aAmarasinha
_9180503
245 0 _aAmarakosa or Namalinganusasanakosa with the comm. by Saktidhara
260 _c1918
650 _aLINGUISTICS
942 _hP15:C4x1:1, E8
_cTEXL
_2cc
999 _c1029933
_d1029933